01079nam a2200157 a 4500008004100000020001800041041000800059100001600067245006900083250003700152260003900189300001100228500007100239505059600310655001500906190917t2014 sp |||g |||| 001 0 spa d a9788499188638 aspa1 aCass, Kiera 3aLa elegida.bSolo una chica se llevará la corona /cKiera Cass a1a ed.bTraducción Jorge Rizzo aBarcelona:bRoca editorial;c2014. a255 p. aCass, K. (2014). La elegida. (1a ed.). Barcelona : Roca editorial. aLa situación en el palacio es cada vez más peligrosa. Los rebeldes atacan tanto por el norte como por el sur y América, las chicas que siguen en la selección y Maxon se encuentran en verdadero peligro. Mientras todo esto sucede, la disyuntiva en la que se encuentra América tampoco es mucho mejor: elegir entre su primer amor, Aspen, y el príncipe Maxon, quien poco a poco ha ido conquistándola. Eso sin tener en cuenta también que el príncipe debe escogerla a ella de entre las seis seleccionadas que podrían convertirse en su esposa y que aún permanecen en palacio.  aLiteratura